000 03016nam a2200625 i 4500
001 xx005113255
003 NUKAT
005 20260407193656.0
008 210416s1937 pl a |001 0 pol c
035 _a(OCoLC)749280773
035 _a(NUKAT)xx005113255
040 _aWA 392/MD
_bpol
_erda
_cWA 392/MD
_dWA 392/TB
100 1 _aPiłsudski, Józef
_d(1867-1935).
_eAutor
_913197
245 1 0 _aPisma zbiorowe :
_bwydanie prac dotychczas drukiem ogłoszonych.
_nT. 1 /
_cJózef Piłsudski ; przedmowa Walery Sławek; [nota] od wydawców Wacław Lipiński ; tom niniejszy zredagował, wstępem i przypisami zaopatrzył Leon Wasilewski ; okładkę projektował Tadeusz Gronowski.
246 1 8 _aPisma zbiorowe Józefa Piłsudskiego
260 _aWarszawa :
_bInstytut Józefa Piłsudskiego Poświecony Badaniu Najnowszej Historii Polski,
_c1937
_e(Kraków :
_fdruk W. L. Anczyca i Spółki).
300 _aXIII, [1], 291, [1], VIII stron, [2] karty tablic :
_bilustracje ;
_c23 cm.
336 _aTekst
_btxt
_2rdacontent
337 _aBez urządzenia pośredniczącego
_bn
_2rdamedia
338 _aWolumin
_bnc
_2rdacarrier
380 _aKsiążki
380 _aLiteratura faktu, eseje, publicystyka
386 _mPrzynależność kulturowa
_aLiteratura polska
388 1 _a1801-1900
504 _aIndeksy.
600 1 7 _aPiłsudski, Józef
_d(1867-1935)
_xmyśl polityczna i społeczna.
_2kaba
_939494
600 1 7 _aPiłsudski, Józef
_d(1867-1935)
_xi Rosja.
_2kaba
_939576
600 1 7 _aPiłsudski, Józef
_d(1867-1935)
_xi socjalizm.
_2kaba
_939497
610 2 7 _aPolska Partia Socjalistyczna (1892-1948)
_2DBN
_935813
630 0 7 _aRobotnik (czasopismo ; Polska ; 1894-1939).
_2kaba
_939577
630 0 7 _aPrzedświt (czasopismo ; Polska ; 1918-1931).
_2kaba
_939578
648 7 _a1801-1900
_2DBN
_936037
650 7 _aPolityka
_2DBN
_935231
650 7 _aPolityka wewnętrzna
_2DBN
_935353
650 7 _aIdee polityczne
_zPolska
_y1870-1914.
_2kaba
_933150
650 7 _aIdee polityczne
_zPolska
_y1900-1945.
_2kaba
_933151
651 7 _aGalicja (kraina historyczna)
_2DBN
_935236
651 7 _aPolska
_2DBN
_935076
651 7 _aRosja
_2DBN
_936145
651 7 _aZabór pruski
_2DBN
_935237
651 7 _aZabór rosyjski
_2DBN
_935238
651 7 _aPolska
_y1864-1918 (Okres popowstaniowy).
_2kaba
_935518
651 7 _aPolska
_y1914-1918.
_2kaba
_91393
651 7 _aPolska
_y1918-1939 (II Rzeczpospolita).
_2kaba
_91394
655 7 _aPublicystyka
_2DBN
_935056
658 _aHistoria
658 _aPolityka, politologia, administracja publiczna
700 1 _aWasilewski, Leon
_d(1870-1936).
_eRedakcja
_91831
700 1 _aLipiński, Wacław
_d(1896-1949).
_eRedakcja
_938286
700 1 _aSławek, Walery
_d(1879-1939).
_ePrzedmowa
_922459
700 1 _aGronowski, Tadeusz
_d(1894-1990).
_eProjekt graficzny
_939496
710 2 _aInstytut Józefa Piłsudskiego Poświęcony Badaniu Najnowszej Historii Polski (1936-1939).
_eWydawca
_4pbl
_97498
710 2 _aW. L. Anczyc i Spółka.
_eDruk
_4prt
_94292
942 _2ddc
_cBK_NM
999 _c27453
_d27453